000 00572nam a22002057a 4500
005 20230706134957.0
008 230602b |||||||| |||| 00| 0 eng d
020 _a 9781433578021
040 _aCBULib
_cCBULib
041 _aeng
050 _aBS 195 Eng
100 _aEnglish Standard Version
240 _aBible
_lEnglish
_sEnglish Standard Version
245 _aESV concise study Bible
_c/ by Crossway
260 _bCrossway,
_c2021
_aIllinois,
300 _axxii, 1526 pages : illustrations
650 _2OCLC
_aBIBLE
650 _2OCLC
_aEDUCATION
942 _c002
999 _c78628
_d78628